British inventions. (Record no. 544564)
[ view plain ]
| 000 -LEADER | |
|---|---|
| fixed length control field | 00516cam a22001571 4500 |
| 082 ## - DEWEY DECIMAL CLASSIFICATION NUMBER | |
| Classification number | 608.741 |
| Author Mark | TAY |
| -- | L-32, P-38 |
| 100 1# - MAIN ENTRY--PERSONAL NAME | |
| Personal name | Taylor, F. Sherwood |
| 9 (RLIN) | 38896 |
| 245 00 - TITLE STATEMENT | |
| Title | British inventions. |
| 260 ## - PUBLICATION, DISTRIBUTION, ETC. | |
| Place of publication, distribution, etc. | London, New York, |
| Name of publisher, distributor, etc. | Published for the British Council by Longmans, Green |
| Date of publication, distribution, etc. | [1950] |
| 300 ## - PHYSICAL DESCRIPTION | |
| Extent | 44 p. |
| Other physical details | plates, ports. |
| Dimensions | 22 cm. |
| 526 ## - STUDY PROGRAM INFORMATION NOTE | |
| Program name | 0 |
| Interest level | 0 |
| Reading level | 0 |
| Title point value | 608_741000000000000_TAY |
| 650 #0 - SUBJECT ADDED ENTRY--TOPICAL TERM | |
| Topical term or geographic name entry element | Inventions |
| Geographic subdivision | Great Britain. |
| 9 (RLIN) | 40220 |
| 650 #0 - SUBJECT ADDED ENTRY--TOPICAL TERM | |
| Topical term or geographic name entry element | Inventors |
| Geographic subdivision | Great Britain. |
| 9 (RLIN) | 40221 |
| 650 #0 - SUBJECT ADDED ENTRY--TOPICAL TERM | |
| Topical term or geographic name entry element | MCE |
| 9 (RLIN) | 379 |
| 942 ## - ADDED ENTRY ELEMENTS (KOHA) | |
| Source of classification or shelving scheme | |
| Koha item type | Book |
| Withdrawn status | Lost status | Source of classification or shelving scheme | Damaged status | Not for loan | Permanent Location | Current Location | Date acquired | Total Checkouts | Full call number | Barcode | Date last seen | Date last checked out | Price effective from | Koha item type |
|---|---|---|---|---|---|---|---|---|---|---|---|---|---|---|
| Military College of Engineering (MCE) | Military College of Engineering (MCE) | 05/08/2014 | 1 | 608.741 TAY | MCE-30926 | 05/09/2014 | 05/09/2014 | 05/08/2014 | Book |
